000 01237nam0a22003491 4500
001 v19\rc\1905796
005 20251118180534.7
035 _a(NLR Aleph) 004994866
090 _a6324838
_c6324838
100 _a20080404d1911 u y0rusy50 ca
101 0 _arus
102 _aRU
105 _aae z |||||
200 1 _aКаптаж Нарзана и его история
_fА.Н. Огильви
210 _aСанкт-Петербург
_cГеол. ком.
_d1911
215 _a[4], 234 с., 24 л. ил., табл., пл.
_cчерт.
_d34
225 1 _aТруды Геологического комитета
_iНовая серия
_vВып. 58
300 _aТит. л. на рус. и фр. яз.; рез. на фр. яз.
532 1 3 _aКаптаж Нарзана и его история
700 1 _aОгильви
_bА.Н.
_f1877-
_gАлександр Николаевич
801 0 _aRU
_bNLR
_gpsbo
801 0 _aRU
_bRuMoRGB
_2psbo
801 1 _aRU
_bProSoft-M
_2rusmarc
852 _aNLR
_jП8/184
899 _aRuMoRGB
_jXXIV 61/2 (вып. 58)
899 _aRuMoRGB
_jXXIV 62/2 (вып. 58)
899 _aБАН
899 _aНБ СПбГУ
899 _aНБ МГУ
942 _cBOOK
980 _aNB